000 00220nam a2200097Ia 4500
008 190216s9999||||xx |||||||||||||| ||und||
100 _aBoas
245 0 _aSurendranath Banarjee
260 _bKerala Basha Inst
942 _cBK
999 _c38050
_d38050